Statistics for Name that Greek Letter Quiz

Click here to take the quiz!

General Stats

  • This quiz has been taken 149,271 times
    (149,249 since last reset)
  • The average score is 17 of 24

Answer Stats

SymbolName% Correct
Α αAlpha
97%
Π πPi
94%
Δ δDelta
93%
Β βBeta
88%
Ω ωOmega
87%
Ε εEpsilon
87%
Κ κKappa
79%
Μ μMu
78%
Ζ ζZeta
76%
Γ γGamma
75%
Σ σSigma
75%
Θ θTheta
74%
Λ λLambda
67%
Ρ ρRho
67%
Φ φPhi
66%
Ν νNu
63%
Ο οOmicron
61%
Τ τTau
61%
Ι ιIota
59%
Ψ ψPsi
58%
Χ χChi
56%
Υ υUpsilon
55%
Η ηEta
54%
Ξ ξXi
48%

Score Distribution

Percentile by Number Answered

Percent of People with Each Score

Your Score History

You have not taken this quiz since the last reset